| 000 | 00345nam a2200145Ia 4500 | ||
|---|---|---|---|
| 100 | _aCurtin/D.P & Other | ||
| 650 | _aGeneral | ||
| 942 | _cBK | ||
| 654 | _aHigher Profit | ||
| 245 | _aControlling Financial Performance For Higher Profit | ||
| 260 |
_bBusiness Books Ltd _aLondon _c1983 |
||
| 082 | _a1.6 | ||
| 300 | _a167 | ||
| 546 | _aENGLISH | ||
| 999 |
_c32120 _d32120 |
||